000
00226nam a22000857a 4500
008
160711b xxu||||| |||| 00| 0 eng d
100
_9
2606
_a
Lodge, E
245
_a
Adventures in Reading
260
_a
N.Y
_b
Harcourt Brace & Com
_c
1958
999
_c
2262
_d
2262